A magyar tanácsköztársaság 1919
Gespeichert in:
| Format: | Buch |
|---|---|
| Sprache: | Ungarisch |
| Veröffentlicht: |
Budapest
Szikra
1950
|
| Tags: |
Keine Tags, Fügen Sie das erste Tag hinzu!
|
MARC
| LEADER | 00000nam a2200000 4500 | ||
|---|---|---|---|
| 001 | 0313560 | ||
| 005 | 20251210105802.5 | ||
| 041 | 0 | |a hun | |
| 044 | |a HU | ||
| 245 | 1 | 0 | |a A magyar tanácsköztársaság |b 1919 |
| 264 | 1 | |a Budapest |b Szikra |c 1950 | |